| 000 | 00779cam a2200229 a 4500 | ||
|---|---|---|---|
| 001 | 000005624 | ||
| 005 | 20200929151726.0 | ||
| 008 | 780720s1942 sp 000 e spa d | ||
| 040 |
_aDO-SdBNP _bspa _cBNPHU |
||
| 082 |
_a864.5 _bL333arti |
||
| 100 | 1 |
_aLarra, Mariano José de, _d1809-1837 _98739 |
|
| 245 | 1 | 0 |
_aArtículos de costumbres / _cprólogo y notas de José R. Lomba y Pedraja. |
| 260 |
_aMadrid : _bEspasa-Calpe, _c1942. |
||
| 300 |
_axii, 279 p. ; _c18 cm. |
||
| 490 | 1 |
_aClásicos castellanos _v45 |
|
| 650 | 4 |
_aEnsayos españoles _93095 |
|
| 650 | 4 |
_aLiteratura española _9632 |
|
| 651 | 4 |
_aEspaña _xCostumbres _915871 |
|
| 651 | 4 |
_aEspaña _xPeriodismo _915872 |
|
| 700 | 1 |
_aLomba y Pedraja, José Ramón, _eed. _915873 |
|
| 830 | 0 |
_aClásicos castellanos ; _v45 _94180 |
|
| 999 |
_c5423 _d5423 |
||